00470 a2200109 4500082001200000100001600012245011800028260003200146300003300178500009200211856005700303 aMS-IT-9 aMariyum Gul aHL7 RIM & relational database mapping: an ontological approach to achieve mapping at data type levelcMariyum Gul aIslamabadbNUST-SEECSc2011 a55p.b;ill.c;27cm.+eCD ROM aSupervisors:Dr. Hafiz Farooq Ahmed, Dr. Khalid Latif, Mr. Bilal Ali, Mr. Muhammad Bilal uhttp://10.250.8.41:8080/xmlui/handle/123456789/13465